| 000 | 01996nam a2200277 i 4500 | ||
|---|---|---|---|
| 001 | BPP | ||
| 003 | BPK | ||
| 005 | 20171115115902.0 | ||
| 008 | 150213s1979 pl f |000 0 pol | ||
| 040 | _cBPK | ||
| 080 | _a691 | ||
| 100 |
_aPIĄTEK, Zdzisław. _d1970 - 1996. _bWyższa Szkoła Inżynierska w Koszalinie - Instytut Budownictwa Lądowego, _cZakład Konstrukcji Betonowych |
||
| 245 |
_aOpracowanie nowoczesnych metod stosowania w budownictwie lekkich kruszyw glinoporytowych. _nCz. 1, _pBadania podstawowe i nieniszczące / _cZdzisław Piątek, Ewa Bartnik, Waldemar Bierut, Waldemar Borjaniec, Krzysztof Kuncer, Adam Szyszko. |
||
| 260 |
_aKoszalin, _c1979. |
||
| 500 | _aDane z autopsji. | ||
| 520 | _aOpracowanie dotyczy badań własności mechanicznych i reologicznych lekkiego betonu konstrukcyjnego klasy B 15 na kruszywie glinoporytowym bez piasku lub z piaskiem naturalnym oraz zastosowania metod nieniszczących do oceny wytrzymałości na ściskanie lekkiego betonu konstrukcyjnego klasy B 15 na kruszywie glinoporytowym z piaskiem naturalnym. | ||
| 650 | 0 | _aBeton. | |
| 650 | 0 | _aKruszywo. | |
| 650 | 0 | _aMateriały budowlane. | |
| 700 |
_aBARTNIK, Ewa. _d1975 - 1987. _bWyższa Szkoła Inżynierska w Koszalinie - Instytut Budownictwa Lądowego, _cZakład Konstrukcji Betonowych |
||
| 700 |
_aBIERUT, Waldemar. _d1973 - 1996. _bWyższa Szkoła Inżynierska w Koszalinie - Instytut Budownictwa Lądowego, _cZakład Konstrukcji Betonowych |
||
| 700 |
_aBORJANIEC, Waldemar. _d1974 - 1996. _bWyższa Szkoła Inżynierska w Koszalinie - Instytut Budownictwa Lądowego, _cZakład Konstrukcji Betonowych |
||
| 700 |
_aKUNCER, Krzysztof. _d1973 - 1986. _bWyższa Szkoła Inżynierska w Koszalinie - Instytut Budownictwa Lądowego, _cZakład Konstrukcji Betonowych |
||
| 700 |
_aSZYSZKO, Adam. _d1974 - 1984. _bWyższa Szkoła Inżynierska w Koszalinie - Instytut Budownictwa Lądowego, _cZakład Konstrukcji Betonowych |
||
| 942 |
_cMN _2UKD |
||
| 999 |
_c2138 _d2138 |
||